En torno a un reciente debate: el intercambio desigual /
Uloženo v:
| Hlavní autor: | |
|---|---|
| Médium: | Text |
| Jazyk: | Spanish |
| Témata: | |
| Tagy: |
Přidat tag
Žádné tagy, Buďte první, kdo vytvoří štítek k tomuto záznamu!
|
MARC
| LEADER | 00000 a a2200000 04500 | ||
|---|---|---|---|
| 001 | 7777 | ||
| 003 | cru CRAI/IIS | ||
| 005 | 20210421110621.0 | ||
| 008 | 210421b ||||| |||| 00| 0 spa d | ||
| 040 | |c cru CRAI/IIS | ||
| 100 | |a Pérez Brignoli, Héctor | ||
| 245 | |a En torno a un reciente debate: |b el intercambio desigual / |c Héctor Perez Brignoli | ||
| 500 | |a Colección Centroamérica | ||
| 650 | |a ECONOMIA | ||
| 650 | |a INTERCAMBIO | ||
| 650 | |a PRODUCCION | ||
| 650 | |a PRECIOS | ||
| 650 | |a SALARIOS | ||
| 650 | |a BURGUESIA | ||
| 650 | |a MODOS DE PRODUCCION | ||
| 650 | |a COMERCIO INTERNACIONL | ||
| 773 | |g Vol1.,Núm 1. (1972), Páginas 117-154 | ||
| 773 | 0 | |0 18875 |9 5539 |a Universidad de Costa Rica. |d San José, Costa Rica: Universidad de Costa Rica. Consejo Superior Universitario Centroamericano, 1972- |o 13773 |t Estudios Sociales Centroamericanos / |x 03039676 | |
| 942 | |2 ddc |c PP | ||
| 999 | |c 36302 |d 36302 | ||
